Discusiones sobre planificación

Tallennettuna:
Bibliografiset tiedot
Yhteisötekijä: ILPES (Tekijä)
Aineistotyyppi: Kirja
Kieli:espanja
Julkaistu: Ciudad de México Siglo Veintiuno Editores 1981
Painos:12a. ed
Aiheet:
Tagit: Lisää tagi
Ei tageja, Lisää ensimmäinen tagi!

MARC

LEADER 00000cam a2200000 a 4500
001 UCE1469
003 CL-VaPUC
008 140414e19810000mx |||||||||||||||||spa|d
020 |a 9682302528 
082 0 4 |a 338.9  |b ILP  |2 21 
110 2 |a ILPES  |e author  |9 573804 
245 1 0 |a Discusiones sobre planificación 
250 |a 12a. ed 
300 |a 143 p 
942 |c BK 
945 |d 20140414  |a dcastane 
260 |a Ciudad de México  |b Siglo Veintiuno Editores  |c 1981 
650 0 |a Desarrollo económico y social   |9 256320 
650 0 |a Aspectos sociales  |9 254894 
650 0 |a Planificación del desarrollo  |9 326796 
583 |a last modification  |c 20140424 12:28:29  |k Rodrigo Vera 
999 |c 355248  |d 355246 
952 |0 0  |1 0  |3 erb  |4 0  |6 338_900000000000000_ILP_1981  |7 0  |8 A  |9 461816  |a BIBING  |b BIBING  |i 5068975  |o 338.9 ILP 1981  |p 5068975  |r 2025-01-20  |w 2019-11-23  |y BK  |z Catalogado en:20140414  |k GEO